Normal view
MARC view
- RAJA AAMIR AZEEM,FAREED U DIN QURESHI
Entry Personal Name
001 - CONTROL NUMBER
- control field: 72158
003 - CONTROL NUMBER IDENTIFIER
- control field: NUST
005 - DATE AND TIME OF LATEST TRANSACTION
- control field: 20210628204742.0
008 - FIXED-LENGTH DATA ELEMENTS
- fixed length control field: 210628|| aca||aabn | a|a d
040 ## - CATALOGING SOURCE
- Original cataloging agency: NUST
- Transcribing agency: NUST
100 ## - HEADING--PERSONAL NAME
- Personal name: RAJA AAMIR AZEEM,FAREED U DIN QURESHI
670 ## - SOURCE DATA FOUND
- Source citation: Work cat.: (NUST): ASIM, 50926, PR-SOF-1122-ACTIVE YAW RATE CONTROL OF FOUR WHELLED GROUND VEHICLE, 2011
